000 00527nam a22001577a 4500
005 20260204090833.0
008 260204b |||||||| |||| 00| 0 eng d
020 _a978-1-78019-347-2
100 _aCLEVELY, ANDI
245 _aA HARVEST OF HERBS
_bA COMPLETE GUIDE TO GROWING HERBS, WITH AN INFORMATIVE DIRECTORY AND OVER 120 RECIPE AND GIFT IDEAS
260 _aLONDON
_bSOUTHWATER
_c2014
300 _a256P.
650 _a1. HERBS -UTILIZATION 2. HERBS -THERAPEUTIC USE
700 _aRICHMOND, KATHERINE
942 _2lcc
_cBK
999 _c216528
_d216528